LEADER 01764nam 2200553 a 450 001 9910461535103321 005 20200520144314.0 010 $a1-61324-507-6 035 $a(CKB)2670000000099684 035 $a(EBL)3019336 035 $a(SSID)ssj0000522193 035 $a(PQKBManifestationID)12165891 035 $a(PQKBTitleCode)TC0000522193 035 $a(PQKBWorkID)10527656 035 $a(PQKB)10675573 035 $a(MiAaPQ)EBC3019336 035 $a(Au-PeEL)EBL3019336 035 $a(CaPaEBR)ebr10670901 035 $a(OCoLC)740435882 035 $a(EXLCZ)992670000000099684 100 $a20090213d2009 uy 0 101 0 $aeng 135 $aur|n|---||||| 181 $ctxt 182 $cc 183 $acr 200 10$aEconometric modeling of value-at-risk$b[electronic resource] /$fTimotheos Angelidis and Stavros Degiannakis 210 $aNew York $cNova Science Publishers$dc2009 215 $a1 online resource (93 p.) 225 1 $aFinancial institutions and services series 300 $aDescription based upon print version of record. 311 $a1-60741-040-0 320 $aIncludes bibliographical references and index. 410 0$aFinancial institutions and services. 606 $aRisk management$xEconometric models 606 $aValue$xEconometric models 608 $aElectronic books. 615 0$aRisk management$xEconometric models. 615 0$aValue$xEconometric models. 676 $a338.501/5195 700 $aAngelidis$b Timotheos$0895702 701 $aDegiannakis$b Stavros$0614605 801 0$bMiAaPQ 801 1$bMiAaPQ 801 2$bMiAaPQ 906 $aBOOK 912 $a9910461535103321 996 $aEconometric modeling of value-at-risk$92000947 997 $aUNINA LEADER 02664nam 2200517 450 001 996503548703316 005 20231006151427.0 010 $a981-19-7877-8 035 $a(MiAaPQ)EBC7166129 035 $a(Au-PeEL)EBL7166129 035 $a(CKB)25913975400041 035 $a(PPN)26781433X 035 $a(EXLCZ)9925913975400041 100 $a20230505d2022 uy 0 101 0 $aeng 135 $aurcnu|||||||| 181 $ctxt$2rdacontent 182 $cc$2rdamedia 183 $acr$2rdacarrier 200 10$aTopological dynamics of enveloping semigroups /$fAnima Nagar, Manpreet Singh 210 1$aSingapore :$cSpringer,$d[2022] 210 4$d©2022 215 $a1 online resource (87 pages) 225 1 $aSpringerBriefs in mathematics 311 08$aPrint version: Nagar, Anima Topological Dynamics of Enveloping Semigroups Singapore : Springer,c2023 9789811978760 327 $aIntro -- Preface -- Contents -- About the Authors -- 1 Introduction -- 1.1 Introduction -- 1.2 Chapters' Overview -- References -- 2 Bird's-Eye View on Dynamical Systems -- 2.1 Definitions and Elementary Properties -- 2.2 Induced Spaces -- 2.3 Enveloping Semigroups -- 2.3.1 Some Basic Theory -- 2.3.2 Function Spaces -- 2.4 Symbolic Dynamics -- References -- 3 Dynamics of Induced Systems -- 3.1 For (semi)Cascades -- 3.2 For (semi)Flows -- References -- 4 Dynamical Properties of Enveloping Semigroups -- 4.1 Recurrence in Enveloping Semigroups -- 4.2 Periodic Points for Enveloping Semigroups -- 4.3 Finite Minimal Ideals in Enveloping Semigroup and Proximal Relations -- 4.4 Variations of Transitivity for Enveloping Semigroups -- 4.4.1 Transitive Enveloping Semigroups -- 4.4.2 Stronger Forms of Transitivity for Enveloping Semigroups -- References -- 5 Enveloping Semigroup of the Induced Systems -- 5.1 Inducible Mappings -- 5.2 Enveloping Semigroup of (2Z, ?), Its Subshifts and of (22Z,?*) -- 5.2.1 Isomorphism of ?Z and ?nZ, foralln inN -- 5.3 Saturated Enveloping Semigroups -- References. 410 0$aSpringerBriefs in mathematics. 606 $aSemigroups 606 $aTopological dynamics 606 $aDinàmica topològica$2thub 606 $aSemigrups$2thub 608 $aLlibres electrònics$2thub 615 0$aSemigroups. 615 0$aTopological dynamics. 615 7$aDinàmica topològica 615 7$aSemigrups 676 $a512.2 700 $aNagar$b Anima$01265506 702 $aSingh$b Manpreet 801 0$bMiAaPQ 801 1$bMiAaPQ 801 2$bMiAaPQ 906 $aBOOK 912 $a996503548703316 996 $aTopological dynamics of enveloping semigroups$93362705 997 $aUNISA LEADER 03935nam 22005175 450 001 9910367575703321 005 20191022022751.0 010 $a9783486754407 010 $a3486754408 024 7 $a10.1515/9783486754407 035 $a(CKB)4100000009194546 035 $a(DE-B1597)223724 035 $a(OCoLC)1114768871 035 $a(DE-B1597)9783486754407 035 $a(MiAaPQ)EBC7015423 035 $a(Au-PeEL)EBL7015423 035 $a(OCoLC)1334104569 035 $a(oapen)https://directory.doabooks.org/handle/20.500.12854/45974 035 $a(Perlego)3290764 035 $a(oapen)doab45974 035 $a(EXLCZ)994100000009194546 100 $a20191022d2019 fg 101 0 $ager 135 $aur||||||||||| 181 $ctxt$2rdacontent 182 $cc$2rdamedia 183 $acr$2rdacarrier 200 14$aDer ein- und mehrphasige Wechselstrom $eEinführung in das Studium der Transformatoren und Wechselstrommaschinen /$fR. Wotruba 205 $aReprint 2019 210 $cDe Gruyter$d1927 210 1$aBerlin ;$aBoston : $cOldenbourg Wissenschaftsverlag, $d[2019] 210 4$d©1927 215 $a1 online resource (86 p.) 311 08$a9783486754414 311 08$a3486754416 327 $tFrontmatter -- $tVorwort -- $tInhaltsverzeichnis -- $tI. Kapitel. Einleitung: Das Wesen der Formel E=iR+L(di/dt). Der Selbstinduktionskoeffizient L, der Koeffizient der gegenseitigen Induktion R, der Kupplungsfaktor x, die Kondensatoren -- $tII. Kapitel Erzeugung des Wechselstroms. Über das Messen von Wechselstromgrößen. Wechselstrommeßinstrumente. Konstruktive Bestimmung des Effektivwertes. Methoden zur Aufnahme von Wechselstromgrößen. Zusammensetzen und Analyse von Wechselstromgrößen. Darstellung der Wechselstromgrößen durch Vektoren, komplexe Zahlen und die topographische Methode -- $tIII. Kapitel. Wirk- und induktiver Widerstand im Wechselstromkreis, der Kondensator im Wechselstromkreis, Induktiver. Widerstand und Kapazität in Nebeneinanderschaltung und Stromresonanz, induktiver Widerstand und Kapazität in Hintereinanderschaltung und Spannungsresonanz, verschiedene Schaltungen -- $tIV. Kapitel. Einige Messungen: Messung von Selbstinduktionskoeffizienten, Selbstinduktionskoeffizienten eisenhaltiger Stromkreise, Messung von Koeffizienten der gegenseitigen Induktion. Kapazitäten. Herstellung von 90° Phasenverschiebung, die Drei-Amperemeter-Methode, die Drei-Voltmeter- Methode -- $tV. Kapitel. Erzeugung des Dreiphasenstromes. Die Stern- und die Dreieckschaltung. Die Leistung des Dreiphasenstromes. Bestimmung der Leistung bei ungleicher Belastung. Die Schaltungen zur Leistungsmessung. - Anwendung der topographischen Methode zur Bestimmung der Leistung und des Spannungsabfalles. Querschnittsberechnung einer Dreiphasenleitung -- $tVI. Kapitel. Das vom Dreiphasenstrom erzeugte Drehfeld. Die mehrpoligen Drehfelder. Grundsätzliche Wirkungsweise des Drehstrommotors. Das Moment des Drehstrommotors. Der Zweiphasenstrom und seine Verkettungen. Das vom Zweiphasenstrom erzeugte Drehfeld -- $tBackmatter 330 $aTo celebrate the 270th anniversary of the De Gruyter publishing house, the company is providing permanent open access to 270 selected treasures from the De Gruyter Book Archive. Titles will be made available to anyone, anywhere at any time that might be interested. The DGBA project seeks to digitize the entire backlist of titles published since 1749 to ensure that future generations have digital access to the high-quality primary sources that De Gruyter has published over the centuries. 606 $aTechnology & Engineering / Engineering (General)$2bisacsh 615 7$aTechnology & Engineering / Engineering (General). 700 $aWotruba$b R., $0981027 801 0$bDE-B1597 801 1$bDE-B1597 906 $aBOOK 912 $a9910367575703321 996 $aDer ein- und mehrphasige Wechselstrom$92238935 997 $aUNINA